Flags of the US States #3 - Statistics

General Stats
  • This quiz has been taken 846 times
  • The average score is 7 of 10
Answer Stats
Answer % Correct
HTML tutorial Montana
98%
HTML tutorial Colorado
83%
HTML tutorial Wyoming
82%
HTML tutorial Virginia
76%
HTML tutorial Alabama
75%
HTML tutorial Indiana
75%
HTML tutorial Maryland
72%
HTML tutorial Delaware
65%
HTML tutorial Vermont
65%
HTML tutorial Georgia
53%
No matching quizzes found
Score Distribution
Percent of People with Each Score
Percentile by Number Answered
Your Score History
You have not taken this quiz